书目信息 |
| 题名: |
管理学研究方法与论文写作
|
|
| 作者: | 杨学儒 , 董保宝 , 叶文平 主编 | |
| 分册: | ||
| 出版信息: | 北京 机械工业出版社 2019 |
|
| 页数: | 247页 | |
| 开本: | 26cm | |
| 丛书名: | ||
| 单 册: | ||
| 中图分类: | C93-03 , H152.3 | |
| 科图分类: | ||
| 主题词: | 管理学--研究方法 , 管理学--论文--写作 | |
| 电子资源: | ||
| ISBN: | 978-7-111-63434-8 | |
| 000 | 01092nam0 2200313 450 | |
| 001 | 2044917724 | |
| 005 | 20201106122843.83 | |
| 010 | @a978-7-111-63434-8@dCNY49.00 | |
| 090 | @aC93@byxr | |
| 096 | @aC93@byxr | |
| 100 | @a20190926d2019 em y0chiy0120 ea | |
| 101 | 0 | @achi |
| 102 | @aCN@b110000 | |
| 105 | @ay z 000yy | |
| 200 | 1 | @a管理学研究方法与论文写作@9guan li xue yan jiu fang fa yu lun wen xie zuo@dManagement research methods and thesis writing@f杨学儒,董保宝,叶文平主编@zeng |
| 210 | @a北京@c机械工业出版社@d2019 | |
| 215 | @a247页@d26cm | |
| 300 | @a华章教育 | |
| 330 | @a本书分十章,内容包括:为什么要做研究、科研立题与实测概述、引言的撰写技巧、文献综述的撰写方法、构建理论框架与假设等。 | |
| 510 | 1 | @aManagement research methods and thesis writing@zeng |
| 606 | 0 | @a管理学@x研究方法 |
| 606 | 0 | @a管理学@x论文@x写作 |
| 690 | @aC93-03@v5 | |
| 690 | @aH152.3@v5 | |
| 701 | 0 | @a杨学儒@9yang xue ru@f(1980.5~)@4主编 |
| 701 | 0 | @a董保宝@9dong bao bao@4主编 |
| 701 | 0 | @a叶文平@9ye wen ping@4主编 |
| 801 | @c20200929@aCN | |
| 905 | @aZUCC@dC93-03@eY305 | |
| 管理学研究方法与论文写作=Management research methods and thesis writing/杨学儒,董保宝,叶文平主编.-北京:机械工业出版社,2019 |
| 247页;26cm |
| 华章教育 |
| ISBN 978-7-111-63434-8:CNY49.00 |
| 本书分十章,内容包括:为什么要做研究、科研立题与实测概述、引言的撰写技巧、文献综述的撰写方法、构建理论框架与假设等。 |
| ● |
| 相关链接 |
|
|
|
正题名:管理学研究方法与论文写作
索取号:C93-03/Y305
 
预约/预借
| 序号 | 登录号 | 条形码 | 馆藏地/架位号 | 状态 | 备注 |
| 1 | 1481974 | 214819749 | 社科库509/509社科库 64排2列2层/ [索取号:C93-03/Y305] | 在馆 | |
| 2 | 1481975 | 214819758 | 社科库509/509社科库 64排2列2层/ [索取号:C93-03/Y305] | 在馆 |